[Event "Thessaloniki/Chalkidiki-chT"]
[Site "Thessaloniki/Chalkidiki"]
[Date "2019.02.10"]
[Round "4.4"]
[White "Papadopoulos, Panayotis"]
[Black "Vouzanidis, Evangelos"]
[Result "1-0"]
[WhiteElo "2166"]
[BlackElo "1203"]
[PlyCount "63"]
[EventDate "2019.01.13"]
[EventType "team-tourn"]
[EventRounds "9"]
[EventCountry "GRE"]
[SourceTitle "EXT 2020"]
[Source "ChessBase"]
[SourceDate "2019.10.17"]
[SourceVersion "1"]
[SourceVersionDate "2019.10.17"]
[SourceQuality "1"]
[WhiteTeam "Galaxias"]
[BlackTeam "Thessaloniki SO Sach"]
[WhiteTeamCountry "GRE"]
[BlackTeamCountry "GRE"]

1. d4 Nf6 2. Nf3 e6 3. Bf4 d5 4. e3 Bd6 5. Ne5 0-0 6. Bd3 Nbd7 7. Nd2 c5 8. Nxf7 Rxf7 9. Bxd6 c4 10. Be2 Qb6 11. Ba3 Nf8 12. 0-0 Bd7 13. c3 Ng6 14. f4 Qc7 15. Bh5 Nxh5 16. Qxh5 Ne7 17. Nf3 Rf5 18. Ng5 h6 19. Bxe7 Be8 20. Nxe6 Qxe7 21. Qxf5 Bd7 22. Qxd5 Bxe6 23. Qe5 Re8 24. Rae1 Qd7 25. e4 Bf7 26. Qf5 Be6 27. Qc5 b6 28. Qb4 Re7 29. d5 Bf7 30. Qxc4 Qe8 31. Qd4 Qb5 32. c4 1-0